What Happened Inside the Bush White House (Record no. 533411)
[ view plain ]
| 000 -LEADER | |
|---|---|
| fixed length control field | 00248nam a22001097a 4500 |
| 040 ## - CATALOGING SOURCE | |
| Transcribing agency | dlc |
| 082 ## - DEWEY DECIMAL CLASSIFICATION NUMBER | |
| Classification number | 973.931 |
| 100 ## - MAIN ENTRY--PERSONAL NAME | |
| Personal name | Scott Mcclellam |
| 9 (RLIN) | 27285 |
| 245 ## - TITLE STATEMENT | |
| Title | What Happened Inside the Bush White House |
| 300 ## - PHYSICAL DESCRIPTION | |
| Extent | 341;pxv |
| 942 ## - ADDED ENTRY ELEMENTS (KOHA) | |
| Source of classification or shelving scheme | |
| Koha item type | Book |
| Withdrawn status | Lost status | Source of classification or shelving scheme | Damaged status | Not for loan | Permanent Location | Current Location | Date acquired | Total Checkouts | Full call number | Barcode | Date last seen | Price effective from | Koha item type |
|---|---|---|---|---|---|---|---|---|---|---|---|---|---|
| School of Civil and Environmental Engineering (SCEE) | School of Civil and Environmental Engineering (SCEE) | 01/01/2020 | 973.931 | NIT-8988 | 01/01/2020 | 01/01/2020 | Book |
